000 00382nam a2200157Ia 4500
008 240729s9999 xx 000 0 und d
022 _a2056-306X
245 0 _aZoological Letters
260 _aUnited Kingdom
260 _bBMC
650 _a Zoology
650 _aScience
856 _uhttps://doaj.org/toc/7b4649a4f0864002a2a664ce130d5240
942 _2ddc
942 _cDOAJEJ
999 _c74535
_d74535
945 _a1
_bMadushi Gamage
_c1
_dMadushi Gamage